Koronavírus - opatrenia v oblasti dane z príjmov
Popis opatrení v oblasti dane z príjmov. Daňové priznanie k dani z príjmov. Poukázanie a použitie podielu zaplatenej dane. Opatrenia v oblastí závislej činnosti. Zúčtovanie preddavkov.
Salvato in:
| Autore principale: | |
|---|---|
| Natura: | Capitolo di libro |
| Lingua: | slovacco |
| Soggetti: | |
| Tags: |
Nessun Tag, puoi essere il primo ad aggiungerne!!
|
MARC
| LEADER | 00000naa a2200000 4500 | ||
|---|---|---|---|
| 001 | 0265035 | ||
| 005 | 20201116113227.3 | ||
| 041 | 0 | |a slo | |
| 044 | |a SK | ||
| 245 | 1 | 0 | |a Koronavírus - opatrenia v oblasti dane z príjmov |c Michaela Vidová |
| 520 | |a Popis opatrení v oblasti dane z príjmov. Daňové priznanie k dani z príjmov. Poukázanie a použitie podielu zaplatenej dane. Opatrenia v oblastí závislej činnosti. Zúčtovanie preddavkov. | ||
| 610 | 2 | 0 | |a dane |
| 610 | 2 | 0 | |a preddavky |
| 610 | 2 | 0 | |a zúčtovanie |
| 610 | 2 | 0 | |a mzdy |
| 610 | 2 | 0 | |a príjmy |
| 610 | 2 | 0 | |a koronavírus |
| 100 | 1 | |a Vidová, Michaela | |